Multi agency response to violence against women/ (Record no. 190165)

MARC details
000 -LEADER
fixed length control field 00675nam a22001937a 4500
005 - DATE AND TIME OF LATEST TRANSACTION
control field 20220719131707.0
010 ## - LCCN (DPL NO)
LC control number ENG-133706
020 ## - INTERNATIONAL STANDARD BOOK NUMBER
Terms of availability 995.00
International Standard Book Number 9789386473509
035 ## - SYSTEM CONTROL NUMBER
System control number EN-117238
037 ## - SOURCE OF ACQUISITION
Source of stock number/acquisition DBAD/PUB
082 ## - DEWEY DECIMAL CLASSIFICATION NUMBER
Classification number 362.8292
100 ## - MAIN ENTRY--PERSONAL NAME
Personal name Panchal, Trupti Jhaveri
245 ## - TITLE STATEMENT
Title Multi agency response to violence against women/
Statement of responsibility, etc Trupti Jhaveri Panchal and Vinita ajgaonkar
260 ## - PUBLICATION, DISTRIBUTION, ETC. (IMPRINT)
Place of publication, distribution, etc New Delhi
Name of publisher, distributor, etc Vitasta publishing pvt ltd
Date of publication, distribution, etc 2019
270 ## - ADDRESS
Address 2/15 ansari road, Daryaganj
City New Delhi
Postal code 110002
Electronic mail address info@vitastapublishing.com
300 ## - PHYSICAL DESCRIPTION
Extent xxvii,235p.
Dimensions 22cm(hbk)
Other physical details Bibliography
700 ## - ADDED ENTRY--PERSONAL NAME
Personal name Ajgaonkar, Vinita
942 ## - ADDED ENTRY ELEMENTS (KOHA)
Source of classification or shelving scheme Dewey Decimal Classification
Item type English Books
Classification part 362.8292
Call number suffix PAN
Holdings
Withdrawn status Lost status Not for loan Collection code Home library Current library Date acquired Source of acquisition Cost, normal purchase price Full call number Barcode Copy number Cost, replacement price Koha item type
      Non-fiction Bawana Bawana 19/07/2022 DBAD/PUB 995.00 362.8292 PAN EN-117238 1 995.00 English Books

© Delhi Public Library
Hit Counter
free hit counter